[Event "Berlin-ch Seniors op 35th"]
[Site "Berlin"]
[Date "2019.02.04"]
[Round "6"]
[White "Hartmann, Hans"]
[Black "Vandre, Wolfgang"]
[Result "0-1"]
[WhiteElo "1788"]
[BlackElo "2136"]
[PlyCount "94"]
[EventDate "2019.01.29"]
[EventType "swiss"]
[EventRounds "9"]
[EventCountry "GER"]
[SourceTitle "CBM 189 Extra"]
[Source "ChessBase"]
[SourceDate "2019.06.03"]
[SourceVersion "1"]
[SourceVersionDate "2019.06.03"]
[SourceQuality "1"]

1. d4 Nf6 2. c4 g6 3. Nc3 Bg7 4. e3 0-0 5. Bd3 d6 6. h3 c5 7. Nge2 Nc6 8. 0-0 a6 9. a3 Bd7 10. Rb1 e5 11. d5 Ne7 12. e4 Qc8 13. Ng3 b5 14. Nce2 Rb8 15. b3 h5 16. Bg5 Qe8 17. f3 Nh7 18. Be3 f5 19. exf5 gxf5 20. f4 Qg6 21. Kh2 Rbe8 22. fxe5 h4 23. Nh1 Bxe5+ 24. Bf4 Qf6 25. Qd2 Ng6 26. Bxe5 Qxe5+ 27. Kg1 Qe3+ 28. Qxe3 Rxe3 29. Rf3 Rxf3 30. gxf3 Ne5 31. Nf4 Nxf3+ 32. Kf2 Nd2 33. Rb2 Ne4+ 34. Bxe4 fxe4 35. Ke3 Bxh3 36. Nf2 Bf5 37. Nxe4 Bxe4 38. Kxe4 Ng5+ 39. Ke3 Re8+ 40. Kf2 Re4 41. Nh5 Kf7 42. Re2 Kg6 43. Rxe4 Nxe4+ 44. Ke3 Kxh5 45. Kxe4 Kg4 46. cxb5 axb5 47. a4 bxa4 0-1

[Event "Berlin-ch Seniors op 32nd"]
[Site "Berlin"]
[Date "2016.01.26"]
[Round "1"]
[White "Komischke Friedel, Sigrid"]
[Black "Hartmann, Hans"]
[Result "0-1"]
[WhiteElo "873"]
[BlackElo "1803"]
[PlyCount "86"]
[EventDate "2016.01.26"]
[EventType "swiss"]
[EventRounds "9"]
[EventCountry "GER"]
[SourceTitle "EXT 2019"]
[Source "ChessBase"]
[SourceDate "2018.10.10"]
[SourceVersion "1"]
[SourceVersionDate "2018.10.10"]
[SourceQuality "1"]

1. d4 d5 2. Nc3 Nf6 3. Nf3 e6 4. Bg5 Be7 5. e3 0-0 6. Bd3 c5 7. 0-0 c4 8. Be2 Nbd7 9. b3 Qa5 10. Na4 b5 11. Bxf6 Bxf6 12. Nc3 Qxc3 13. a4 bxa4 14. bxc4 dxc4 15. Rxa4 Nb6 16. Ra1 Bb7 17. Rb1 Bd5 18. Rb5 Qa3 19. Qd2 Qd6 20. c3 Nd7 21. Rb4 a5 22. Ra4 Nb6 23. Ra2 Ra7 24. Qb2 Rfa8 25. Rb1 Nd7 26. Qc2 e5 27. e4 exd4 28. exd5 d3 29. Bxd3 cxd3 30. Qxd3 g6 31. Re2 a4 32. Ra1 a3 33. Re4 Nc5 34. Qe3 Nxe4 35. Qxe4 Bxc3 36. Ra2 Bf6 37. h4 Rb7 38. g4 Rb2 39. Rxa3 Rxa3 40. Qe8+ Kg7 41. Kg2 Qf4 42. g5 Qxf3+ 43. Kf1 Rb1+ 0-1

[Event "Berlin-ch Seniors op 31st"]
[Site "Berlin"]
[Date "2015.02.03"]
[Round "5"]
[White "Kasper, Peter"]
[Black "Hartmann, Hans"]
[Result "1/2-1/2"]
[WhiteElo "1549"]
[BlackElo "1776"]
[PlyCount "51"]
[EventDate "2015.01.29"]
[EventType "swiss"]
[EventRounds "9"]
[EventCountry "GER"]
[SourceTitle "EXT 2018"]
[Source "ChessBase"]
[SourceDate "2017.10.13"]
[SourceVersion "1"]
[SourceVersionDate "2017.10.13"]
[SourceQuality "1"]

1. e4 e6 2. d4 d5 3. exd5 exd5 4. Nf3 Nf6 5. Bd3 Be7 6. h3 0-0 7. 0-0 h5 8. b3 Be6 9. c4 c6 10. c5 a5 11. Nc3 Nbd7 12. Na4 Qc7 13. Re1 b6 14. cxb6 Nxb6 15. Nxb6 Qxb6 16. Bf4 c5 17. dxc5 Bxc5 18. Qd2 Bb4 19. Qb2 Bxe1 20. Rxe1 Bc8 21. Be5 Bb7 22. Nh4 Rad8 23. Nf5 Rfe8 24. Re3 Kf8 25. Rg3 Rxe5 26. Qxe5 1/2-1/2

[Event "Berlin-ch Seniors op 30th"]
[Site "Berlin"]
[Date "2014.02.05"]
[Round "7"]
[White "Hartmann, Hans"]
[Black "Kuehnemann, Gunnar"]
[Result "1-0"]
[WhiteElo "1774"]
[BlackElo "1558"]
[PlyCount "83"]
[EventDate "2014.01.30"]
[EventType "swiss"]
[EventRounds "9"]
[EventCountry "GER"]
[SourceTitle "EXT 2018"]
[Source "ChessBase"]
[SourceDate "2017.10.13"]
[SourceVersion "1"]
[SourceVersionDate "2017.10.13"]
[SourceQuality "1"]

1. d4 Nf6 2. c4 g6 3. Nc3 Bg7 4. e4 d6 5. f3 0-0 6. Be3 e5 7. d5 c6 8. Bd3 cxd5 9. cxd5 Nh5 10. Qd2 f5 11. 0-0-0 Nf4 12. Bc2 fxe4 13. fxe4 Bd7 14. Kb1 b5 15. Rf1 b4 16. Nd1 Bb5 17. Rf2 a5 18. g3 Nh5 19. Nh3 Rxf2 20. Ndxf2 Na6 21. Ng4 Qd7 22. Nhf2 Rf8 23. Bd3 Nc7 24. Rc1 Rc8 25. Qe2 Bxd3+ 26. Qxd3 Nf6 27. Nh6+ Bxh6 28. Bxh6 Ng4 29. Nxg4 Qxg4 30. Rc6 Qd7 31. Qc2 Qf7 32. Qc1 Qf3 33. Rc4 Qf7 34. Be3 Rf8 35. Rxc7 Qf1 36. Qxf1 Rxf1+ 37. Rc1 Rf3 38. Re1 Kg7 39. Kc2 Rf7 40. Kb3 Rc7 41. Re2 Kf7 42. Rc2 1-0

[Event "Berlin-ch Seniors op 27th"]
[Site "Berlin"]
[Date "2011.02.05"]
[Round "8"]
[White "Mueller, Johannes"]
[Black "Hartmann, Hans"]
[Result "1/2-1/2"]
[WhiteElo "1682"]
[BlackElo "1584"]
[PlyCount "120"]
[EventDate "2011.01.29"]
[EventType "swiss"]
[EventRounds "9"]
[EventCountry "GER"]
[SourceTitle "EXT 2012"]
[Source "ChessBase"]
[SourceDate "2011.11.24"]
[SourceVersion "1"]
[SourceVersionDate "2011.11.24"]
[SourceQuality "1"]

1. e4 e5 2. Nc3 Nc6 3. g3 b6 4. Bg2 Bb7 5. Nge2 g6 6. 0-0 Bg7 7. d3 Nf6 8. h3 0-0 9. Kh2 h6 10. f4 d6 11. f5 Ne7 12. g4 d5 13. Qe1 d4 14. Nd1 c5 15. Qh4 g5 16. Bxg5 hxg5 17. Qxg5 Nh7 18. Qh4 f6 19. Qg3 Kf7 20. h4 Rh8 21. Rh1 Qd6 22. Nf2 Rag8 23. Nh3 Bh6 24. Bf3 Ke8 25. Rhg1 Bc6 26. Rg2 Kd8 27. Kg1 Be3+ 28. Kf1 Rg7 29. Neg1 Be8 30. Be2 Rhg8 31. Nf2 Bf4 32. Qf3 Rh8 33. Ngh3 Be3 34. Kg1 Bh5 35. Kh1 Be8 36. Rag1 Nf8 37. Qg3 Rgh7 38. h5 Rh6 39. Rf1 Bxf2 40. Rgxf2 Nh7 41. Qh4 Rg8 42. Rg2 Ng5 43. Ng1 Bf7 44. b3 Qd7 45. Rh2 Nc6 46. Bd1 a5 47. a4 Nb4 48. Qe1 Ke7 49. Qd2 Nc6 50. Nf3 Nxf3 51. Qxh6 Nxh2 52. Kxh2 Rg5 53. Qh7 Qd8 54. Rh1 Qf8 55. Kg3 Kd6 56. h6 Ne7 57. Kf2 Nc6 58. Ke1 Ne7 59. Kd2 Nc6 60. Be2 Ne7 1/2-1/2

[Event "Berlin-ch Seniors op 27th"]
[Site "Berlin"]
[Date "2011.02.04"]
[Round "7"]
[White "Hartmann, Hans"]
[Black "Barnack, Gerd"]
[Result "0-1"]
[WhiteElo "1584"]
[BlackElo "1806"]
[PlyCount "98"]
[EventDate "2011.01.29"]
[EventType "swiss"]
[EventRounds "9"]
[EventCountry "GER"]
[SourceTitle "EXT 2012"]
[Source "ChessBase"]
[SourceDate "2011.11.24"]
[SourceVersion "1"]
[SourceVersionDate "2011.11.24"]
[SourceQuality "1"]

1. d4 Nf6 2. c4 d6 3. Nf3 g6 4. Nc3 Bg7 5. e4 0-0 6. Be2 Nc6 7. h3 e5 8. d5 Ne7 9. 0-0 Ne8 10. Nh2 c6 11. Qc2 f5 12. Bg5 h6 13. Bxe7 Qxe7 14. Rae1 c5 15. exf5 gxf5 16. f3 Qh4 17. Bd3 a6 18. Kh1 Bd7 19. Qf2 Qh5 20. Qc2 Rb8 21. b3 Kh8 22. Rg1 Qh4 23. Rgf1 b5 24. Ne2 b4 25. Ng1 a5 26. Qf2 Qh5 27. Qe2 Nf6 28. g4 Qg5 29. Rf2 a4 30. Rg2 f4 31. Qf2 e4 32. fxe4 axb3 33. axb3 Nh7 34. Ngf3 Qe7 35. Nh4 Be8 36. Nf5 Qe5 37. Nf3 Qc3 38. Qc2 Ng5 39. Nxg5 Qxe1+ 40. Rg1 Qc3 41. Nxg7 hxg5 42. Ne6 Rg8 43. Qxc3+ bxc3 44. Rc1 Rxb3 45. Kg2 Ba4 46. Rh1 Rb2+ 47. Be2 Rxe2+ 48. Kf3 Re3+ 49. Kf2 Rb8 0-1

[Event "Berlin-ch Seniors op 27th"]
[Site "Berlin"]
[Date "2011.01.31"]
[Round "3"]
[White "Hartmann, Hans"]
[Black "Schulz, Martin"]
[Result "1-0"]
[WhiteElo "1584"]
[BlackElo "1177"]
[PlyCount "51"]
[EventDate "2011.01.29"]
[EventType "swiss"]
[EventRounds "9"]
[EventCountry "GER"]
[SourceTitle "EXT 2012"]
[Source "ChessBase"]
[SourceDate "2011.11.24"]
[SourceVersion "1"]
[SourceVersionDate "2011.11.24"]
[SourceQuality "1"]

1. d4 d5 2. c4 e6 3. Nf3 Nf6 4. Nc3 Be7 5. e3 c6 6. Bd2 dxc4 7. Bxc4 0-0 8. 0-0 Nbd7 9. a3 Qc7 10. h3 Rd8 11. Qc2 Nf8 12. b4 b6 13. e4 Bb7 14. Rfe1 Rac8 15. Bg5 Nh5 16. Rad1 c5 17. Nb5 Qd7 18. dxc5 Qe8 19. Nxa7 Rxd1 20. Rxd1 Bxe4 21. Qxe4 Qa4 22. Nxc8 Qxd1+ 23. Kh2 Bxg5 24. Nxg5 Nf6 25. Ne7+ Kh8 26. Nxf7# 1-0

[Event "Berlin-ch Seniors op 27th"]
[Site "Berlin"]
[Date "2011.01.29"]
[Round "1"]
[White "Hartmann, Hans"]
[Black "Petkov, Peter"]
[Result "1/2-1/2"]
[WhiteElo "1584"]
[BlackElo "1895"]
[PlyCount "109"]
[EventDate "2011.01.29"]
[EventType "swiss"]
[EventRounds "9"]
[EventCountry "GER"]
[SourceTitle "EXT 2012"]
[Source "ChessBase"]
[SourceDate "2011.11.24"]
[SourceVersion "1"]
[SourceVersionDate "2011.11.24"]
[SourceQuality "1"]

1. d4 Nf6 2. c4 e6 3. Nc3 b6 4. Nf3 Bb7 5. e3 d5 6. cxd5 Nxd5 7. Be2 Be7 8. 0-0 0-0 9. a3 c5 10. Nxd5 Bxd5 11. dxc5 Bxc5 12. b4 Bd6 13. Bb2 Nd7 14. e4 Bxh2+ 15. Nxh2 Bxe4 16. Bf3 Bxf3 17. Qxf3 Qe7 18. Ng4 f6 19. g3 Rfd8 20. Rac1 a5 21. b5 Nc5 22. Nxf6+ gxf6 23. Bxf6 Qf7 24. Qg4+ Kf8 25. Bxd8 Rxd8 26. Rc3 Qg6 27. Qxg6 hxg6 28. f3 Rd2 29. Rf2 Rd1+ 30. Kg2 Rb1 31. Rxc5 bxc5 32. a4 Ke7 33. Ra2 c4 34. Kf2 Kd6 35. Ke3 Kc5 36. f4 Rb3+ 37. Ke4 Rxg3 38. Rb2 Rb3 39. Rg2 Rb4 40. Rxg6 Rxa4 41. Rxe6 Kxb5 42. f5 Ra1 43. Kd4 Rd1+ 44. Kc3 Rd3+ 45. Kc2 Rf3 46. f6 a4 47. Kb2 a3+ 48. Ka2 Kb4 49. Rb6+ Kc3 50. Kxa3 Rf2 51. Re6 Kc2 52. Rc6 c3 53. Kb4 Rf4+ 54. Rc4 Rf2 55. f7 1/2-1/2

[Event "Berlin-ch Seniors op 26th"]
[Site "Berlin"]
[Date "2010.02.17"]
[Round "9"]
[White "Hartmann, Hans"]
[Black "Schulz, Manfred"]
[Result "1/2-1/2"]
[WhiteElo "1618"]
[BlackElo "1496"]
[PlyCount "79"]
[EventDate "2010.02.09"]
[EventType "swiss"]
[EventRounds "9"]
[EventCountry "GER"]
[SourceTitle "EXT 2012"]
[Source "ChessBase"]
[SourceDate "2011.11.24"]
[SourceVersion "1"]
[SourceVersionDate "2011.11.24"]
[SourceQuality "1"]

1. d4 Nf6 2. c4 c5 3. e3 d5 4. Nf3 e6 5. Nc3 cxd4 6. exd4 Bb4 7. Qc2 Ne4 8. Bd2 Nxd2 9. Qxd2 dxc4 10. Bxc4 Nd7 11. 0-0 0-0 12. Rfe1 Nf6 13. a3 Ba5 14. h3 a6 15. b4 Bb6 16. Rad1 Ba7 17. Ba2 b5 18. Ne4 Nxe4 19. Rxe4 Bb7 20. d5 exd5 21. Bxd5 Bxd5 22. Qxd5 Qb6 23. Qa2 Rac8 24. Ne5 Qb7 25. Rf4 Bb8 26. Rd7 Rc1+ 27. Kh2 Qxd7 28. Nxd7 Bxf4+ 29. g3 Rd8 30. Qd5 Bc7 31. Qd3 Re1 32. Qf5 Rd1 33. Nc5 R1d2 34. Nxa6 Bb6 35. Nc5 R2d5 36. Qf3 Bxc5 37. bxc5 Rxc5 38. Kg2 Rdc8 39. Qb3 g6 40. Qb4 1/2-1/2

[Event "Berlin-ch Seniors op 26th"]
[Site "Berlin"]
[Date "2010.02.11"]
[Round "3"]
[White "Hartmann, Hans"]
[Black "Tuertmann, Dieter"]
[Result "1/2-1/2"]
[WhiteElo "1618"]
[BlackElo "1831"]
[PlyCount "171"]
[EventDate "2010.02.09"]
[EventType "swiss"]
[EventRounds "9"]
[EventCountry "GER"]
[SourceTitle "EXT 2012"]
[Source "ChessBase"]
[SourceDate "2011.11.24"]
[SourceVersion "1"]
[SourceVersionDate "2011.11.24"]
[SourceQuality "1"]

1. d4 f5 2. c4 Nf6 3. Nc3 g6 4. g3 Bg7 5. Bg2 0-0 6. Nf3 d6 7. 0-0 Nc6 8. d5 Ne5 9. Nxe5 dxe5 10. e4 a6 11. a4 Qd6 12. Qe2 Ne8 13. f4 exf4 14. Bxf4 Bd4+ 15. Be3 Qc5 16. Bxd4 Qxd4+ 17. Kh1 Nd6 18. e5 Nf7 19. e6 Nd6 20. Rf4 Qg7 21. Raf1 b6 22. g4 Bb7 23. Bh3 fxg4 24. Bxg4 Rxf4 25. Rxf4 Rf8 26. Qe3 Rxf4 27. Qxf4 Qf6 28. Qxf6 exf6 29. Kg2 Kf8 30. b3 Ke7 31. Kg3 f5 32. Be2 Kf6 33. h4 h6 34. Kf4 g5+ 35. hxg5+ hxg5+ 36. Ke3 g4 37. Kf4 Nc8 38. b4 Ne7 39. Bf1 Ng6+ 40. Kg3 Ke5 41. Ne2 Bc8 42. Bg2 c6 43. dxc6 Bxe6 44. c7 Kd6 45. Nd4 f4+ 46. Kf2 Bc8 47. Be4 Ne5 48. Ne2 f3 49. c5+ Kxc7 50. cxb6+ Kxb6 51. Nd4 Bd7 52. a5+ Ka7 53. Kg3 Bb5 54. Nxb5+ axb5 55. Kf4 f2 56. Bg2 Nd3+ 57. Kxg4 Nxb4 58. Kf3 Nc6 59. Kxf2 Nxa5 60. Ke3 Kb6 61. Kd3 Kc5 62. Kc2 Kb4 63. Bf1 Nc4 64. Be2 Kc5 65. Kb3 Na5+ 66. Kb2 b4 67. Bh5 Nc4+ 68. Kb3 Nd2+ 69. Kc2 Ne4 70. Bf7 Nd6 71. Bg8 Nb5 72. Kb3 Nd4+ 73. Kb2 Kb5 74. Ka2 Nc6 75. Kb3 Na5+ 76. Kb2 Nc4+ 77. Kb3 Ne5 78. Be6 Kc5 79. Bg8 Nc6 80. Bf7 Nd4+ 81. Kb2 Kd6 82. Bg8 Ke5 83. Kc1 Ne6 84. Kb2 Nc5 85. Bf7 Kd4 86. Bg8 1/2-1/2